000 00688nam a2200181 a 4500
001 000030658
005 20200930062432.0
008 110525s1998 dr 000 0 spa d
040 _aDO-SdBNP
_bspa
_cBNPHU
245 0 0 _a¿Nivel tipo A? ¿ caballete? ¿ qué es esto?
260 _aSanto Domingo :
_bFUDECO,
_c1998.
300 _a20 p. :
_bil. ;
_c28 cm.
490 1 _aFolleto
_v3
500 _aInformaciones para quienes quieren saber algo sobre la construcción y el uso de los instrumentos de medida más simples que se usan para realizar obras de conservación de suelo
710 2 _aFundación para el Desarrollo Comunitario
_957246
830 0 _aFolleto
_v2
_955058
049 _aBNPD
999 _c30150
_d30150